Los fichajes más caros del fútbol - Pivotes - 2021-2022 - Estadísticas

Estadísticas generales
  • Esta prueba ha sido intentada 14 veces
  • La puntuación promedio es 5 de 10
Estadísticas de respuestas
Coste (M €) Nacionalidad Último club Nuevo club Jugador % Correcto
42,10 Brasil Lyon Newcastle United Bruno Guimarães
92%
24,50 Uruguay Famalicão Sporting Lisboa Manuel Ugarte
92%
16,00 Portugal Oporto PSG Danilo Pereira
75%
15,75 Italia Brescia AC Milan Sandro Tonali
67%
11,35 Suiza Bor. M'gladbach Juventus Denis Zakaria
58%
13,57 Bélgica Hamburgo LOSC LIlle Amadou Onana
25%
20,00 Francia LOSC LIlle Leicester City Boubakary Soumaré
25%
8,75 Francia G. Bordeos AC Milan Yacine Adli
17%
14,00 Francia FC Friburgo Stade Rennes Baptiste Santamaria
8%
10,00 Rumania Ajax Cagliari Răzvan Marin
8%
No se encontraron pruebas coincidentes
Distribución de puntuación
Porcentaje de gente con cada puntuación
Porcentaje por número respondido
Historial de tus puntuaciones
No has intentado esta prueba.